Introduction a la science de l'histoire / (Record no. 152816)

MARC details
000 -LEADER
campo de control de longitud fija 00736nam a22002055i 4500
001 - NÚMERO DE CONTROL
campo de control 152816
003 - IDENTIFICADOR DE NÚMERO DE CONTROL
campo de control ES-MaACL
005 - FECHA Y HORA DE LA ÚLTIMA TRANSACCIÓN
campo de control 20250809063524.0
008 - DATOS DE LONGITUD FIJA--INFORMACIÓN GENERAL
campo de control de longitud fija 991103s1842 fr |||| | fre d
040 ## - FUENTE DE CATALOGACIÓN
Centro catalogador/agencia de origen CAM
Lengua de catalogación spa
Centro/agencia transcriptor CAM
100 1# - ENTRADA PRINCIPAL--NOMBRE DE PERSONA
Nombre de persona Buchez, Philippe-Joseph-Benjamin,
Fechas asociadas al nombre 1796-1865
9 (RLIN) 126218
245 10 - MENCIÓN DEL TÍTULO
Título Introduction a la science de l'histoire /
Mención de responsabilidad, etc. par P.J.B. Buchez.
250 ## - MENCION DE EDICION
Mención de edición 2e éd. rev., corr. et augm.
260 ## - PUBLICACIÓN, DISTRIBUCIÓN, ETC.
Lugar de publicación, distribución, etc. Paris :
Nombre del editor, distribuidor, etc. Guillaumin libraire-éditeur,
Fecha de publicación, distribución, etc. 1842 (
Lugar de fabricación/manufactura Saint-Denis :
Fabricante Imprimerie de Prevot et Drouard)
300 ## - DESCRIPCIÓN FÍSICA
Extensión 2 v. (VIII, 503; 521 p.) ;
Dimensiones 22 cm.
752 ## - ENTRADA AGREGADA--NOMBRE JERÁRQUICO DEL LUGAR
País o entidad superior Francia -
Ciudad París
752 ## - ENTRADA AGREGADA--NOMBRE JERÁRQUICO DEL LUGAR
País o entidad superior Francia -
Ciudad Saint-Denis
852 ## - LOCALIZACIÓN
Ubicación ES-MaACL
Número de control de estantería B-215-216
Nota libre -- Enc. hol.
Holdings
Estatus retirado Estado de pérdida Estado de daño No para préstamo Colección Biblioteca de origen Biblioteca actual Ubicación en estantería Fecha de adquisición Fuente de adquisición Total de préstamos Signatura topográfica completa Código de barras Visto por última vez Precio de reemplazo Tipo de ítem Koha
        Libros del s. XIX Biblioteca del Ateneo de Madrid Biblioteca del Ateneo de Madrid Sala Pardo Bazán 17/01/2008     B-215-216 1159603 23/02/2023 23/02/2023 Libro impreso antiguo